Tổng quan về quán đỉnh /

Spremljeno u:
Bibliografski detalji
Glavni autor: Jigme Pema Nyinjadh, Khamtrul Rinpoche.
Format: Članak
Jezik:Vietnamese
Teme:
Oznake: Dodaj oznaku
Bez oznaka, Budi prvi tko označuje ovaj zapis!
Thư viện lưu trữ: Thư viện Trường Đại học Đà Lạt
LEADER 00752nam a2200265 4500
001 DLU110124079
005 ##20110824
040 # # |a DLU  |b vie 
041 # # |a vie 
044 # # |a vn 
100 # # |a Jigme Pema Nyinjadh, Khamtrul Rinpoche. 
245 # # |a Tổng quan về quán đỉnh /  |c Khamtrul Rinpoche Jigme Pema Nyinjadh. 
653 # # |a Nghi thức 
653 # # |a Phật học 
653 # # |a Tu học 
773 # # |t Tuần báo Giác ngộ  |g Số 462, 2008, tr. 14-15 
920 # # |a Phòng Tạp chí -- Trung tâm Thông tin - Thư viện Trường Đại học Đà Lạt 
994 # # |a DLU 
900 # # |a True 
911 # # |a Nguyễn Thị Linh Chi 
925 # # |a G 
926 # # |a A 
927 # # |a BB 
980 # # |a Thư viện Trường Đại học Đà Lạt